El caso de la quimera encadenada : (Registro nro. 3802)

Detalles MARC
000 -LEADER
fixed length control field 00945nam a2200229Ia 4500
003 - CONTROL NUMBER IDENTIFIER
control field OSt
005 - DATE AND TIME OF LATEST TRANSACTION
control field 20250521144831.0
008 - FIXED-LENGTH DATA ELEMENTS--GENERAL INFORMATION
fixed length control field 191128s2018 ck a er 000 f spa d
020 ## - INTERNATIONAL STANDARD BOOK NUMBER
International Standard Book Number 9789585407367
040 ## - CATALOGING SOURCE
Original cataloging agency CO-JMCR
Transcribing agency CO-JMCR
041 ## - LANGUAGE CODE
Language code of text/sound track or separate title spa
082 14 - DEWEY DECIMAL CLASSIFICATION NUMBER
Classification number J-N
Item number ESPc
100 1# - MAIN ENTRY--PERSONAL NAME
Personal name España, Gonzalo,
Relator term autor
9 (RLIN) 213
245 13 - TITLE STATEMENT
Title El caso de la quimera encadenada :
Remainder of title una aventura en el campo de la génetica /
Statement of responsibility, etc. Gonzalo España
250 ## - EDITION STATEMENT
Edition statement Primera edición
260 ## - PUBLICATION, DISTRIBUTION, ETC.
Place of publication, distribution, etc. Bogotá :
Name of publisher, distributor, etc. Montena,
Date of publication, distribution, etc. 2018
300 ## - PHYSICAL DESCRIPTION
Extent 119 páginas ;
Dimensions 22 cm.
500 ## - GENERAL NOTE
General note Incluye datos biográficos del autor en la solapa
520 ## - SUMMARY, ETC.
Summary, etc. Una pobre mujer est´a apunto de ser condenada a cuarenta años de cárcel por el secuestro de sus propios hijos. Ella los trajo al mundo, los registró conforme la ley, le pertenecen legítimamente. Sin embargo, las pruebas de paternidad indican una y otra ve
650 14 - SUBJECT ADDED ENTRY--TOPICAL TERM
Topical term or geographic name entry element Novela colombiana
9 (RLIN) 6874
942 ## - ADDED ENTRY ELEMENTS (KOHA)
Source of classification or shelving scheme Dewey Decimal Classification
Koha item type Books
Existencias
Withdrawn status Lost status Source of classification or shelving scheme Damaged status Not for loan Collection code Home library Current library Date acquired Source of acquisition Total Checkouts Full call number Barcode Date last seen Date last checked out Copy number Koha item type
    Dewey Decimal Classification     Fiction Biblioteca Pública José María del Castillo y Rada Biblioteca Pública José María del Castillo y Rada 11/28/2019 Donación 7 J-N ESPc 201808249 08/11/2025 08/06/2025 Ej.1 Books